Keď autora bolia nohy rozhovor s reportérom a rozhlasovým dramatikom Slavom Kalným

Bibliographic Details
Main Authors: Sláviková, Anna, 1951- (Author, Interviewer), Kalný, Slavo, 1929-2022 (Author)
Format: Article
Language:Slovak
PhysicalDescription:Fotogr.
ISSN:1210-1982
Subjects:

MARC

LEADER 00000nab a2200000 ar4500
001 vtls008622929
003 SK-MaSNL
005 20260304000310.0
008 060215c2005 xo mr|p|||||||000 b|slo
015 |a SNBRB2006/02  |2 snkbucl 
038 |a SNKBUCL 
040 |a SNKBUCL  |b slo  |c SNKBUCL  |e AACR2 
041 0 |a slo 
044 |a xo  |c SK 
080 |a 070-051  |2 1997 
080 |a 82:929:821.162.4  |2 1997 
080 |a 821.162.4:929  |2 1997 
100 1 |a Sláviková, Anna,  |d 1951-  |4 ivr  |4 aut  |9 207856 
245 1 0 |a Keď autora bolia nohy  |b rozhovor s reportérom a rozhlasovým dramatikom Slavom Kalným  |c pripravila Anna Sláviková 
300 |b Fotogr. 
600 1 7 |a Kalný, Slavo,  |d 1929-2022  |2 snkbucl  |9 232327 
655 7 |a rozhovory  |2 snkbucl  |9 31831 
700 1 |a Kalný, Slavo,  |d 1929-2022  |4 ive  |4 aut  |9 232327 
773 0 |t Knižná revue  |g Roč. XV, č. 24 (2005), s. 12  |x 1210-1982 
852 |a SNK  |b KIS3GCP 
958 |a LX 
999 |c 2530623  |d 2532553